<?xml version="1.0" encoding="UTF-8"?>
<record
    xmlns:xsi="http://www.w3.org/2001/XMLSchema-instance"
    xsi:schemaLocation="http://www.loc.gov/MARC21/slim http://www.loc.gov/standards/marcxml/schema/MARC21slim.xsd"
    xmlns="http://www.loc.gov/MARC21/slim">

  <leader>00738nam a2200205Ia 4500</leader>
  <controlfield tag="008">120626s    2006ag            000 0 spa d</controlfield>
  <datafield tag="020" ind1=" " ind2=" ">
    <subfield code="a">950-12-4538-1</subfield>
  </datafield>
  <datafield tag="050" ind1=" " ind2=" ">
    <subfield code="a">RA393</subfield>
    <subfield code="b">P65 2006</subfield>
  </datafield>
  <datafield tag="245" ind1=" " ind2=" ">
    <subfield code="a">Psicolog&#xED;a y pol&#xED;ticas p&#xFA;blicas de salud </subfield>
    <subfield code="c">/ Mart&#xED;n de Lellis... [et al.] ; pr&#xF3;logo: V&#xED;ctor Giorgi</subfield>
  </datafield>
  <datafield tag="260" ind1=" " ind2=" ">
    <subfield code="a">Argentina : Paid&#xF3;s</subfield>
  </datafield>
  <datafield tag="300" ind1=" " ind2=" ">
    <subfield code="a">319 p. : diagrs., tablas ; 21 cm.</subfield>
  </datafield>
  <datafield tag="440" ind1=" " ind2=" ">
    <subfield code="a">Tramas sociales ; 38</subfield>
  </datafield>
  <datafield tag="650" ind1="1" ind2=" ">
    <subfield code="a">I. Pol&#xED;tica sanitaria</subfield>
  </datafield>
  <datafield tag="650" ind1="2" ind2=" ">
    <subfield code="a">II. Salud mental de la comunidad</subfield>
  </datafield>
  <datafield tag="700" ind1="1" ind2="0">
    <subfield code="a">I. Lellis, Mart&#xED;n de, colaborador</subfield>
  </datafield>
  <datafield tag="700" ind1="1" ind2="0">
    <subfield code="a">II. Alvarez Gonz&#xE1;lez, Miguel, colaborador</subfield>
  </datafield>
  <datafield tag="700" ind1="1" ind2="0">
    <subfield code="a">III. Rossetto, Jorge, colaborador</subfield>
  </datafield>
  <datafield tag="700" ind1="1" ind2="0">
    <subfield code="a">IV. Soforcada, Enrique, colaborador</subfield>
  </datafield>
  <datafield tag="942" ind1=" " ind2=" ">
    <subfield code="2">lcc</subfield>
    <subfield code="c">LB</subfield>
  </datafield>
  <datafield tag="952" ind1=" " ind2=" ">
    <subfield code="0">0</subfield>
    <subfield code="1">0</subfield>
    <subfield code="2">ddc</subfield>
    <subfield code="4">0</subfield>
    <subfield code="7">0</subfield>
    <subfield code="a">22</subfield>
    <subfield code="b">22</subfield>
    <subfield code="d">2010-10-28</subfield>
    <subfield code="l">0</subfield>
    <subfield code="o">RA393 P75 2006</subfield>
    <subfield code="p">17 000838</subfield>
    <subfield code="r">2023-07-31</subfield>
    <subfield code="t">1</subfield>
    <subfield code="w">2012-06-26</subfield>
    <subfield code="y">LB</subfield>
    <subfield code="f"></subfield>
  </datafield>
  <datafield tag="952" ind1=" " ind2=" ">
    <subfield code="0">0</subfield>
    <subfield code="1">0</subfield>
    <subfield code="4">0</subfield>
    <subfield code="7">0</subfield>
    <subfield code="a">18</subfield>
    <subfield code="b">18</subfield>
    <subfield code="d">2014-02-14</subfield>
    <subfield code="l">0</subfield>
    <subfield code="o">RA393 P65 2006</subfield>
    <subfield code="p">18 002038</subfield>
    <subfield code="r">2014-02-14</subfield>
    <subfield code="t">1</subfield>
    <subfield code="w">2014-02-14</subfield>
    <subfield code="y">LB</subfield>
  </datafield>
  <datafield tag="999" ind1=" " ind2=" ">
    <subfield code="c">73504</subfield>
    <subfield code="d">73504</subfield>
  </datafield>
</record>
